000 00586nam a2200205Ia 4500
003 IN-BaIIA
008 211028s9999 xx 000 0 eng d
020 _a236-15453-2
040 _cIIA Library
080 _a52(091)
_bHEY
100 _aHey, J. S
_96857
245 4 _aThe evolution of radio astronomy
_cJ. S. Hey
260 _aLondon
_bElek Books
_c1973
300 _ax, 214p.
490 _aHistories of science series
650 _a Radio astronomy 
_97958
650 _a Radio astronomy - history
_97959
650 _aAstronomy and astrophysics thesaurus 
_91143
942 _cBK
999 _c4529
_d4529